LEADER 02323nam 2200397 450 001 996279862203316 005 20231208073816.0 010 $a0-7381-1175-9 024 7 $a10.1109/IEEESTD.1988.8957719 035 $a(CKB)3780000000092113 035 $a(NjHacI)993780000000092113 035 $a(EXLCZ)993780000000092113 100 $a20231208d1987 uy 0 101 0 $aeng 135 $aur||||||||||| 181 $ctxt$2rdacontent 182 $cc$2rdamedia 183 $acr$2rdacarrier 200 10$aANSI/IEEE Std 1014-1987 $eIEEE Standard for a Versatile Backplane Bus: VMEbus /$fInstitute of Electrical and Electronics Engineers 210 1$aNew York, NY, USA :$cIEEE,$d1987. 215 $a1 online resource (320 pages) 330 $aThis IEEE 1014 standard specifies a high-performance backplane bus for use in microcomputer systems that employ single or multiple microprocessors is specified. It is based on the VMEbus specification, released by the VME Manufacturers' Group in August of 1982. The bus includes four subbuses: data transfer bus, priority interrupt bus, arbitration bus, and utility bus. The data transfer bus supports 8-, 16-, and 32-bit transfers over a non-multiplexed 32-bit data and address highway. The transfer protocols are asynchronous and fully handshaken. The priority interrupt bus provides real-time interrupt services to the system. The allocation of bus mastership is performed by the arbitration bus, which allows to implement round robin and prioritized arbitration algorithms. The utility bus provides the system with power-up and power-down synchronization. The mechanical specifications of boards, backplanes, subracks, and enclosures are based on IEC 297 specification, also know as the Euroboard form factor. 517 $a1014-1987 - IEEE Standard for a Versatile Backplane Bus 517 $aANSI/IEEE Std 1014-1987: IEEE Standard for a Versatile Backplane Bus: VMEbus 517 $aIEEE Standard for a Versatile Backplane Bus 606 $aMotherboards (Microcomputers) 606 $aMicrocomputers$xBuses 615 0$aMotherboards (Microcomputers) 615 0$aMicrocomputers$xBuses. 676 $a621.381953 801 0$bNjHacI 801 1$bNjHacl 906 $aDOCUMENT 912 $a996279862203316 996 $aANSI$92072434 997 $aUNISA LEADER 02670oam 2200613I 450 001 9910150350803321 005 20250626150810.0 010 $a1-315-67385-1 010 $a1-317-37740-0 024 7 $a10.4324/9781315673851 035 $a(CKB)3710000000932704 035 $a(MiAaPQ)EBC4741942 035 $a970390251 035 $a(OCoLC)962752491 035 $a(OCoLC-P)962752491 035 $a(FlBoTFG)9781315673851 035 $a(EXLCZ)993710000000932704 100 $a20161116d2017 uy 0 101 0 $aeng 135 $aurcnu---unuuu 181 $2rdacontent 182 $2rdamedia 183 $2rdacarrier 200 00$aExploring the materiality of food "stuffs" $etransformations, symbolic consumption and embodiment(s) /$fedited by Louise Steel and Katharina Zinn 205 $a1st ed. 210 1$aLondon :$cRoutledge,$d2017. 215 $a1 online resource (316 pages) $cillustrations, tables 225 1 $aRoutledge Studies in Archaeology 311 08$a1-138-94119-0 311 08$a1-317-37741-9 320 $aIncludes bibliographical references and index. 327 $apt. 1. Transformations -- pt. 2. Embodied encounters -- pt. 3. Symbolic consumption. 330 2 $a"People's embodied engagement with food and the material culture of food are central to their daily experiences and their sense of identity. This book builds upon the existing dialogue of the materiality of food by the novel addition of the material culture of food (objects used in packaging, storing, processing and consuming food). By looking at cultures spanning from ancient Egypt to 20th century Netherlands, from modern Kenya to ancient China, the interdisciplinary chapters explore the multiple interplays between foods, bodies, material worlds, rituals, and embodied knowledge that emerge from these material encounters and how this knowledge, in turn, shape the material culture of food"--Provided by publisher. 410 0$aRoutledge studies in archaeology. 606 $aFood$xSocial aspects$xHistory 606 $aFood habits$xHistory 606 $aDiet$xHistory 606 $aMaterial culture$xHistory 606 $aSocial change$xHistory 615 0$aFood$xSocial aspects$xHistory. 615 0$aFood habits$xHistory. 615 0$aDiet$xHistory. 615 0$aMaterial culture$xHistory. 615 0$aSocial change$xHistory. 676 $a394.1/209 676 $a394.1209 702 $aSteel$b Louise 702 $aZinn$b Katharina 801 0$bOCoLC-P 801 1$bOCoLC-P 906 $aBOOK 912 $a9910150350803321 996 $aExploring the materiality of food "stuffs"$92882280 997 $aUNINA